ბათუმის შოთა რუსთაველის სახელმწიფო უნივერსიტეტის ბიბლიოთეკა

ეს არ არის ჩიბუხი (ბიბ.ჩანაწერი № 54723)

000 -LEADER
fixed length control field 00786nam a2200229Ia 4500
001 - CONTROL NUMBER
control field 21790
003 - CONTROL NUMBER IDENTIFIER
control field GE_BSU
008 - FIXED-LENGTH DATA ELEMENTS--GENERAL INFORMATION
fixed length control field 181216s||||||||xx |||||||||||||| ||und||
020 ## - INTERNATIONAL STANDARD BOOK NUMBER
International Standard Book Number 9789941941481
040 ## - CATALOGING SOURCE
Transcribing agency GE_BSU
080 ## - UNIVERSAL DECIMAL CLASSIFICATION NUMBER
Universal Decimal Classification number 821.133.1-32
100 ## - MAIN ENTRY--PERSONAL NAME
Personal name ფუკო, მიშელ
245 ## - TITLE STATEMENT
Title ეს არ არის ჩიბუხი
245 ## - TITLE STATEMENT
Statement of responsibility, etc. ფრანგულიდან თარგმნა ნატალია მთივლიშვილმა ; რედაქტორი მარინა ბალავაძე
260 ## - PUBLICATION, DISTRIBUTION, ETC.
Place of publication, distribution, etc. თბილისი
260 ## - PUBLICATION, DISTRIBUTION, ETC.
Name of publisher, distributor, etc. აგორა
260 ## - PUBLICATION, DISTRIBUTION, ETC.
Date of publication, distribution, etc. 2015
300 ## - PHYSICAL DESCRIPTION
Extent 100 გვ. : ილ. ; 17 სმ.
653 ## - INDEX TERM--UNCONTROLLED
Uncontrolled term ეს არ არის ჩიბუხი
942 ## - ADDED ENTRY ELEMENTS (KOHA)
Koha item type წიგნი

არაა ხელმისაწვდომი ეგზემპლარები.